HORROR MOVIES - Statistics

General Stats
  • This quiz has been taken 62 times
  • The average score is 54 of 303
Answer Stats
Hint Answer % Correct
1978 halloween
85%
1996 scream
85%
1980 friday the 13th
79%
1984 nightmare on elm street
77%
1990 it
75%
2004 saw
75%
1988 childs play
73%
2013 the conjuring
73%
1974 the texas chainsaw massacre
69%
1973 the exorcist
65%
1931 dracula
63%
2002 the ring
60%
1980 the shining
60%
1979 alien
58%
1931 frankenstein
58%
1975 jaws
56%
1999 the blair witch project
54%
1982 the thing
52%
1976 carrie
50%
1960 psycho
50%
2009 amer
48%
2014 annabelle
48%
1968 night of the living dead
48%
1922 nosferatu
48%
2017 get out
46%
1982 poltergeist
46%
1978 dawn of the dead
44%
2019 us
44%
1992 candyman
42%
1984 gremlins
42%
2010 insidious
42%
1990 misery
42%
1987 predator
42%
1991 silence of the lambs
42%
2018 the nun
42%
2002 28 days later
40%
2000 american psycho
40%
1981 evil dead
40%
1976 the omen
40%
1994 wolf
40%
2000 final destination
38%
2018 hereditary
38%
2020 host
38%
1977 house
38%
2001 jeepers creepers
38%
1963 the birds
38%
1986 the fly
38%
1987 hellraiser
35%
1932 the mummy
35%
1983 cujo
33%
1997 i know what you did last summer
33%
1941 wolf man
33%
1984 children of the corn
31%
2019 midsommar
31%
2007 paranormal activity
31%
2007 rec
31%
1968 rosemary's baby
31%
2004 the grudge
31%
1977 The hills have eyes
31%
1986 aliens
29%
2005 hostel
29%
2012 sinister
29%
1983 sleepaway camp
29%
1933 the invisible man
29%
2015 the witch
29%
2018 a quiet place
27%
1983 christine
27%
2004 creep
27%
1954 godzilla
27%
1933 king kong
27%
1958 the blob
27%
1979 zombie
27%
1935 bride of frankenstein
25%
1978 invasion of the body snatchers
25%
1989 pet sematary
25%
2004 shaun of the dead
25%
2003 wrong turn
25%
2014 babadook
23%
1954 creature from the black lagoon
23%
1986 critters
23%
1987 evil dead 2
23%
1988 killer klowns from outer space
23%
1972 last house on the left
23%
1981 my bloody valentine
23%
2019 ready or not
23%
2016 terrifier
23%
1993 the leprechaun
23%
1999 the sixth sense
23%
1990 tremors
23%
1997 anaconda
21%
1992 army of darkness
21%
1971 devils
21%
1977 eraserhead
21%
2003 freddy vs jason
21%
2019 it follows
21%
1978 piranha
21%
1985 re animator
21%
1999 the haunting
21%
2013 the purge
21%
2004 alien vs predator
19%
1981 american werewolf in london
19%
1979 amityville horror
19%
1982 basket case
19%
1974 black christmas
19%
2016 hush
19%
1999 lake placid
19%
2000 scary movie
19%
1977 suspiria
19%
2011 the cabin in the woods
19%
1959 the house on haunted hill
19%
1980 the mist
19%
2008 the strangers
19%
1988 they live
19%
2009 zombieland
19%
2016 dont breathe
17%
2009 drag me to hell
17%
1985 fright night
17%
2003 house of 1000 corpses
17%
1994 interview with the vampire
17%
2009 jennifers body
17%
1987 lost boys
17%
1980 prom night
17%
2002 red dragon
17%
1985 return of the living dead
17%
1979 Salems Lot
17%
1995 se7en
17%
2009 the orphan
17%
2007 trick r treat
17%
2012 vhs
17%
1980 cannibal holocaust
15%
1997 event horizon
15%
1996 from dusk till dawn
15%
1953 house of wax
15%
1978 i spit on your grave
15%
2013 mama
15%
2008 martyrs
15%
1943 phantom of the opera
15%
2016 raw
15%
2011 youre next
15%
1990 arachnophobia
13%
1982 cat people
13%
2008 cloverfield
13%
1985 day of the dead
13%
2008 eye
13%
1960 eyes without a face
13%
2009 human centipede
13%
2008 let the right one in
13%
1980 maniac
13%
1989 puppet master
13%
2002 resident evil
13%
1981 scanners
13%
1982 slumber party massacre
13%
2005 the devils rejects
13%
2014 tusk
13%
2001 valentine
13%
1983 videodrome
13%
1920 cabinet of dr caligari
10%
2002 cabin fever
10%
1982 creepshow
10%
2005 descent
10%
2001 donnie darko
10%
1932 freaks
10%
1981 howling
10%
2015 krampus
10%
1986 maximum overdrive
10%
1981 possession
10%
2000 silent hill
10%
2007 teeth
10%
1980 the fog
10%
1979 the phantasm
10%
1985 the stuff
10%
2001 thirteen ghosts
10%
2016 train to busan
10%
1973 wickerman
10%
1999 audition
8%
1986 chopping mall
8%
1975 deep red
8%
1973 dont look now
8%
2006 hatchet
8%
1990 jacobs ladder
8%
1988 maniac cop
8%
1964 onibaba
8%
2007 orphanage
8%
1991 people under the stairs
8%
1984 silent night deadly night
8%
1981 silver bullet
8%
1984 terminator
8%
1981 the burning
8%
1980 the changeling
8%
2009 the collector
8%
1981 the prowler
8%
2010 tucker and dale vs evil
8%
1983 twilight zone
8%
2000 what lies beneath
8%
1979 when a stranger calls
8%
1997 wishmaster
8%
1976 alice sweet alice
6%
1987 bad taste
6%
1963 black sabbath
6%
1998 blade
6%
1962 carnival of souls
6%
2014 clown
6%
1985 demons
6%
2008 eden lake
6%
2002 ghost ship
6%
1997 jack frost
6%
1986 little shop of horrors
6%
1980 motel hell
6%
1960 peeping tom
6%
1972 tales from the crypt
6%
2016 the autopsy of jane doe
6%
1980 the boogeyman
6%
1973 the crazies
6%
1987 the prince of darkness
6%
1960 village of the damned
6%
1932 white zombie
6%
1968 2001 a space odyssey
4%
2007 30 days of night
4%
1978 attack of the killer tomatoes
4%
2021 black phone
4%
1991 cape fear
4%
1985 cats eye
4%
2000 ginger snaps
4%
2013 green inferno
4%
1986 henry: portrait of a serial killer
4%
2005 hide and seek
4%
1986 manhunter
4%
1986 night of the creeps
4%
2006 pans labyrinth
4%
1988 pumpkin head
4%
2002 queen of the damned
4%
1971 see no evil
4%
1999 sleepy hollow
4%
1989 society
4%
1979 the brood
4%
1996 the craft
4%
2018 the house that jack built
4%
2009 the stepfather
4%
2014 the taking of deborah logan
4%
1988 the vanishing
4%
1986 troll
4%
1988 waxwork
4%
2005 wolf creek
4%
1980 altered states
2%
1956 bad seed
2%
1935 black sheep
2%
2009 dead snow
2%
1992 demonic toys
2%
1984 firestarter
2%
2005 gingerdead man
2%
1985 goulies
2%
2008 happening
2%
1960 house of usher
2%
2016 inferno
2%
1994 in the mouth of madness
2%
1989 leviathan
2%
1987 monster squad
2%
1990 nightbreed
2%
2000 pitch black
2%
1977 rabid
2%
1999 ravenous
2%
1965 repulsion
2%
2006 slither
2%
1995 species
2%
2008 splinter
2%
1982 swamp thing
2%
2009 thirst
2%
1979 tourist trap
2%
1962 whatever happened to baby jane
2%
2015 bone tomahawk
0%
2002 bubba ho-tep
0%
1986 deadtime stories
0%
2007 death proof
0%
2025 ed kemper
0%
2005 feast
0%
2003 gacy
0%
2013 ghost shark
0%
2015 hell house
0%
1988 hobgoblins
0%
1974 its alive
0%
1977 jungle holocaust
0%
2000 killjoy
0%
1988 lair of the white worm
0%
1978 magic
0%
1992 man bites dog
0%
1964 masque of the red death
0%
2008 midnight meat train
0%
2006 monster house
0%
2007 planet terror
0%
2019 polaroid
0%
1975 rocky horror picture show
0%
1975 shivers
0%
2002 speck
0%
1931 strange case of dr jekyll and mr hyde
0%
2007 sweeny todd
0%
1971 the abominable dr phibes
0%
1973 theatre of blood
0%
1970 the bird with the crystal plumage
0%
1945 the brain that wouldnt die
0%
1943 the leopard man
0%
1969 the pendulum
0%
2014 town that dreaded sundown
0%
1964 two thousand maniacs
0%
No matching quizzes found
Score Distribution
Percent of People with Each Score
Percentile by Number Answered
Your Score History
You have not taken this quiz